01780nam a2200241Ia 4500001000400000008004100004010000800045041001400053082002100067245017700088260001800265300000700283520000700290630003100297630001400328630002600342630002600368650002400394700004700418700003900465700004500504520098900549893241029s9999 xx 000 0 und d a815 aEspañol aEP.MA. 2011 62 0aGrado de conocimiento, actitudes y creencias sobre el VIH/SIDA en estudiantes que cursan el Primer Semestre en la Sede Central de la Universidad Autónoma de Santo Domingo aSanto Domingo a60 a37 aActitud de los Estudiantes aActitudes aComportamiento Sexual aConocimientos previos aFormación Docente easesoraContreras Nùñez, Ana Dolores eautoraArias Caraballo, Jeannette  eautoraSantiago Quevedo , Carlos María aEl propósito principal de este estudio fue determinar el grado de conocimiento, actitudes y creencias que mantienen los estudiantes de nuevo ingreso con relación al VIH/SIDA. El trabajo se baso en un estudio exploratorio y transversal y se utilizó una aplicación colectiva de un cuestionario. Se trabajó con una población de 173 estudiantes.El estudio revelo que el conocimiento general de los estudiantes encuestados sobre el SIDA tuvo una tendencia a la baja, debido a que poseen mitos en cuanto a la forma de contagio de la enfermedad y no reconocen la diferencia entre VIH y SIDA.Los investigadores propusieron que la educación sexual debe ser un proceso continuo y el programa del mismo debe incluir un enfoque especifico, acerca de las características generales de la población a la que va dirigida y que la facultad de Ciencias de la Educación debe implementar un programa de educación sexual en todos los planes de estudio que tiene su oferta curricular.